| 000 | 00427nam a22001697a 4500 | ||
|---|---|---|---|
| 005 | 20160624140220.0 | ||
| 008 | 160624b xxu||||| |||| 00| 0 eng d | ||
| 020 | _a81-229-0170-0 | ||
| 041 | _aeng | ||
| 082 | _b9835 | ||
| 100 |
_aDemors, David and Viswanath _92673 |
||
| 245 | _aMass Media, Social Control and Social Change | ||
| 260 |
_bSurjeet _c2004 |
||
| 300 | _a431 | ||
| 650 |
_aMass Communication _92660 |
||
| 942 | _cBK | ||
| 999 |
_c3852 _d3851 |
||